Vplyv zákona č.289/1995 Z.z. o DPH na investovanie podnikateľských subjektov do cenných papierov

Možnosti investovania dočasne voľných finančných zdrojov u podnikateľských subjektov, ktorých nie je hlavnou činnosťou investovanie na kapitálovom alebo finančnom trhu. Umiestnenie dočasne voľných zdrojov. Rozhodovanie podnikateľského subjektu podľa rôznych kritérií pri investovaní. Obmedzenia finan...

Descrizione completa

Salvato in:
Dettagli Bibliografici
Autore principale: Vlkovič, S.
Natura: Capitolo di libro
Lingua:slovacco
Soggetti:
Tags: Aggiungi Tag
Nessun Tag, puoi essere il primo ad aggiungerne!!

MARC

LEADER 00000naa a2200000 4500
001 r026696
005 20230809081443.0
041 0 |a slo 
044 |a SK 
245 1 0 |a Vplyv zákona č.289/1995 Z.z. o DPH na investovanie podnikateľských subjektov do cenných papierov  |c S. Vlkovič 
520 |a Možnosti investovania dočasne voľných finančných zdrojov u podnikateľských subjektov, ktorých nie je hlavnou činnosťou investovanie na kapitálovom alebo finančnom trhu. Umiestnenie dočasne voľných zdrojov. Rozhodovanie podnikateľského subjektu podľa rôznych kritérií pri investovaní. Obmedzenia finančných investícií u podnikateľských subjektov, ktoré sú platcami DPH z hľadiska zákona č.289/1995 Z.z. o DPH. Spôsob výpočtu koeficienta. Daňové plánovanie. 
610 2 0 |a investovanie 
610 2 0 |a investície kapitálové 
610 2 0 |a dlhopisy 
610 2 0 |a papiere cenné 
610 2 0 |a zdroje finančné 
610 2 0 |a podnikatelia 
610 2 0 |a subjekt 
610 2 0 |a rozhodovanie 
610 2 0 |a dane z hodnoty pridanej 
610 2 0 |a výdavky 
100 1 |a Vlkovič, S.